| 000 | 00000nas 2200000za 4500 |
| 001 | 9.819476 |
| 003 | CaOODSP |
| 005 | 20221107142953 |
| 007 | cr ||||||||||| |
| 008 | 160615d19921998oncar p o f000#b0fre|d |
| 040 | |aCaOODSP|bfre |
| 043 | |an-cn--- |
| 086 | 1 |aCC171-26F-PDF |
| 110 | 1 |aCanada.|bCommission de contrôle de l'énergie atomique. |
| 245 | 10|aBudget des dépenses. |nPartie III, |pPlan de dépenses |h[ressource électronique] / |cCommission de contrôle de l'énergie atomique. |
| 246 | 30|aPlan de dépenses |
| 246 | 15|aEstimates. |nPart III, |pExpenditure plan |
| 260 | |aOttawa : |bCommission de contrôle de l'énergie atomique, |c[1991?-1997]. |
| 310 | |aAnnuel |
| 362 | 1 |aParaît depuis 1991/1992?; ne paraît plus après: 1997/1998. |
| 500 | |aPubli. aussi en anglais sous le titre : Estimates. Part III, Expenditure plan. |
| 580 | |aScindé en: Canada. Commission de contrôle de l'énergie atomique. Rapport sur le rendement pour la période se terminant le 31 mars...; et, Canada. Commission de contrôle de l'énergie atomique. Budget des dépenses. Partie III, Rapport sur les plans et les priorités. |
| 692 | 07|2gccst|aÉnergie nucléaire |
| 692 | 07|2gccst|aDépenses |
| 775 | 08|tEstimates. |w(CaOODSP)9.819475 |
| 785 | 00|tBudget des dépenses. |w(CaOODSP)9.819480 |